The elves and the shoemaker / (Record no. 47317)
| 000 -LEADER | |
|---|---|
| fixed length control field | 00372nam a2200109 4500 |
| 020 ## - INTERNATIONAL STANDARD BOOK NUMBER | |
| International Standard Book Number | 9780721497372 |
| 100 ## - MAIN ENTRY--PERSONAL NAME | |
| Personal name | Read, Lorna, |
| Relator term | author. |
| 9 (RLIN) | 85339 |
| 245 ## - TITLE STATEMENT | |
| Title | The elves and the shoemaker / |
| Remainder of title | First favorite tales. |
| Statement of responsibility, etc | by Lorma Read, Illustrated by Tania Hurt-Newton. |
| 260 ## - PUBLICATION, DISTRIBUTION, ETC. (IMPRINT) | |
| Place of publication, distribution, etc | London: |
| Name of publisher, distributor, etc | Ladybird; |
| Date of publication, distribution, etc | 1992. |
| 300 ## - PHYSICAL DESCRIPTION | |
| Extent | 32 pages. |
| Dimensions | 6.42 x 0.31 x 6.34 inches. |
| 942 ## - ADDED ENTRY ELEMENTS (KOHA) | |
| Source of classification or shelving scheme | |
| Koha item type | Book |
| Withdrawn status | Lost status | Source of classification or shelving scheme | Damaged status | Not for loan | Home library | Current library | Date acquired | Total Checkouts | Full call number | Barcode | Date last seen | Price effective from | Koha item type |
|---|---|---|---|---|---|---|---|---|---|---|---|---|---|
| Logos International School | Logos International School | 09/03/2024 | E REA | 040007 | 09/04/2024 | 09/03/2024 | Book |